[Event "Baltic Cup 3rd"]
[Site "Darlowko"]
[Date "2019.06.30"]
[Round "9"]
[White "Sieciechowicz, Marcin"]
[Black "Krajewicz, Pawel"]
[Result "1/2-1/2"]
[WhiteElo "2399"]
[BlackElo "1982"]
[PlyCount "125"]
[EventDate "2019.06.23"]
[EventType "swiss"]
[EventRounds "9"]
[EventCountry "POL"]
[SourceTitle "CBM 191 Extra"]
[Source "ChessBase"]
[SourceDate "2019.09.30"]
[SourceVersion "1"]
[SourceVersionDate "2019.09.30"]
[SourceQuality "1"]

1. d4 d5 2. c4 e6 3. Nc3 Nf6 4. cxd5 exd5 5. Bg5 Be7 6. e3 0-0 7. Bd3 c6 8. Nge2 Ne4 9. Bf4 f5 10. Qc2 Nd7 11. f3 Nxc3 12. Nxc3 g6 13. h3 Bg5 14. 0-0-0 Bxf4 15. exf4 b5 16. g4 Nb6 17. Rdg1 Qf6 18. Ne2 Nc4 19. Kb1 Bd7 20. Qc1 Rae8 21. h4 Rf7 22. h5 Rg7 23. hxg6 hxg6 24. Rh6 Qe7 25. gxf5 Bxf5 26. Bxf5 gxf5 27. Rhg6 Rxg6 28. Rxg6+ Kf7 29. Rg2 Rg8 30. Rxg8 Kxg8 31. Ng3 Qe3 32. Qxe3 Nxe3 33. Kc1 Kf7 34. Kd2 Nc4+ 35. Kc3 Ke6 36. Nh5 a5 37. Ng7+ Kf6 38. Ne8+ Kf7 39. Nc7 Ke7 40. Na6 Ne3 41. Nc5 Ng2 42. Nd3 Kd6 43. Kd2 Nh4 44. Ne5 c5 45. dxc5+ Kxc5 46. Kc3 d4+ 47. Kd3 Kd5 48. Ke2 Ng2 49. Ng6 Kc4 50. Kd2 a4 51. Ne5+ Kd5 52. Nd3 Ne3 53. b3 axb3 54. axb3 Nf1+ 55. Ke2 Ng3+ 56. Kd2 Nh5 57. Kc2 Kd6 58. Kb2 Nf6 59. Kc2 Nd5 60. Kd2 Ne3 61. Ne5 Kd5 62. Nd3 Nf1+ 63. Ke1 1/2-1/2

[Event "Baltic Cup 3rd"]
[Site "Darlowko"]
[Date "2019.06.26"]
[Round "5"]
[White "Krajewicz, Pawel"]
[Black "Kaczmarek, Arkadiusz"]
[Result "1-0"]
[WhiteElo "1982"]
[BlackElo "1973"]
[PlyCount "109"]
[EventDate "2019.06.23"]
[EventType "swiss"]
[EventRounds "9"]
[EventCountry "POL"]
[SourceTitle "CBM 191 Extra"]
[Source "ChessBase"]
[SourceDate "2019.09.30"]
[SourceVersion "1"]
[SourceVersionDate "2019.09.30"]
[SourceQuality "1"]

1. d4 d5 2. Nf3 Nf6 3. c4 c6 4. Nc3 e6 5. Bg5 dxc4 6. e4 b5 7. e5 h6 8. Bh4 g5 9. Nxg5 hxg5 10. Bxg5 Nbd7 11. g3 Bb7 12. Bg2 Qb6 13. exf6 c5 14. d5 0-0-0 15. 0-0 b4 16. Na4 Qa6 17. a3 Bxd5 18. Bxd5 Ne5 19. axb4 Rxd5 20. Qe2 cxb4 21. b3 Ra5 22. Bf4 Bd6 23. Rfd1 Qc6 24. Bxe5 Bxe5 25. Rac1 c3 26. Nb2 Bxf6 27. Nc4 Rah5 28. Rd6 Qc5 29. Qf3 Rf5 30. Rc6+ Kb8 31. Rxc5 Rxf3 32. Rb5+ Kc7 33. Rxb4 Bd4 34. Ne3 Rd8 35. Kg2 Rf6 36. Nd1 e5 37. Rc2 Rb8 38. Nxc3 Rxb4 39. Nd5+ Kb7 40. Nxb4 Rb6 41. Nd5 Rxb3 42. Rc7+ Kb8 43. Rxf7 a5 44. Rf3 a4 45. h4 e4 46. Rf8+ Kb7 47. Ne3 Rb2 48. Nc4 Rc2 49. Nd6+ Kc6 50. Rc8+ Kxd6 51. Rxc2 a3 52. Rc4 Kd5 53. Ra4 Bb2 54. g4 Ke5 55. Kg3 1-0

[Event "Baltic Cup 3rd"]
[Site "Darlowko"]
[Date "2019.06.24"]
[Round "3"]
[White "Krajewicz, Pawel"]
[Black "Zolnierowicz, Krzysztof"]
[Result "1-0"]
[WhiteElo "1982"]
[BlackElo "2013"]
[PlyCount "87"]
[EventDate "2019.06.23"]
[EventType "swiss"]
[EventRounds "9"]
[EventCountry "POL"]
[SourceTitle "CBM 191 Extra"]
[Source "ChessBase"]
[SourceDate "2019.09.30"]
[SourceVersion "1"]
[SourceVersionDate "2019.09.30"]
[SourceQuality "1"]

1. d4 e6 2. c4 Bb4+ 3. Bd2 Qe7 4. e4 Nf6 5. e5 Ne4 6. Bd3 Nxd2 7. Nxd2 c5 8. Ngf3 Nc6 9. 0-0 Bxd2 10. Qxd2 cxd4 11. Qf4 f6 12. Rfe1 0-0 13. Qh4 g6 14. exf6 Qxf6 15. Ng5 Qg7 16. Rad1 h6 17. Nf3 d6 18. Qg3 e5 19. Bxg6 Be6 20. c5 Rf4 21. Qxf4 exf4 22. Rxe6 Ne5 23. Nh4 dxc5 24. Re1 Nd7 25. Re7 Rd8 26. Rxg7+ Kxg7 27. Bd3 Kf6 28. Ng6 c4 29. Bxc4 Kxg6 30. Re6+ Nf6 31. Bd3+ Kf7 32. Re5 Rc8 33. Kf1 Rc1+ 34. Ke2 Rg1 35. Kf3 Rd1 36. Bc4+ Kg6 37. Kxf4 d3 38. Re3 d2 39. Rd3 Ne4 40. Bb3 Re1 41. f3 Nf6 42. Rxd2 Nh5+ 43. Kg4 Re5 44. f4 1-0

[Event "Baltic Cup 2nd"]
[Site "Darlowko"]
[Date "2018.07.03"]
[Round "9"]
[White "Maciejewski, Waldemar"]
[Black "Krajewicz, Pawel"]
[Result "1-0"]
[WhiteElo "2066"]
[BlackElo "2002"]
[PlyCount "57"]
[EventDate "2018.06.24"]
[EventType "swiss"]
[EventRounds "9"]
[EventCountry "POL"]
[SourceTitle "CBM 185 Extra"]
[Source "ChessBase"]
[SourceDate "2018.07.29"]
[SourceVersion "1"]
[SourceVersionDate "2018.07.29"]
[SourceQuality "1"]

1. e4 c5 2. Nf3 d6 3. d4 cxd4 4. Nxd4 Nf6 5. Nc3 a6 6. Bg5 e6 7. f4 h6 8. Bxf6 Qxf6 9. Qd2 Be7 10. 0-0-0 Nc6 11. Nxc6 bxc6 12. e5 dxe5 13. g3 0-0 14. Ne4 Qf5 15. Bd3 exf4 16. gxf4 e5 17. fxe5 Qxe5 18. Rhg1 Rb8 19. Qxh6 Qxb2+ 20. Kd2 Bf5 21. Nc3 Bg6 22. Rxg6 fxg6 23. Bc4+ Rf7 24. Qxg6 Rd8+ 25. Ke2 Rdf8 26. Rf1 Bf6 27. Rxf6 Re8+ 28. Kd2 Rd8+ 29. Rd6 1-0

[Event "Rewal op-B 15th"]
[Site "Rewal"]
[Date "2010.08.23"]
[Round "4"]
[White "Starczewska, Dominika"]
[Black "Krajewicz, Pawel"]
[Result "0-1"]
[WhiteElo "1885"]
[BlackElo "2005"]
[PlyCount "68"]
[EventDate "2010.08.18"]
[EventType "swiss"]
[EventRounds "9"]
[EventCountry "POL"]
[SourceTitle "EXT 2014"]
[Source "ChessBase"]
[SourceDate "2013.11.20"]
[SourceVersion "1"]
[SourceVersionDate "2013.11.20"]
[SourceQuality "1"]

1. e4 c5 2. Nf3 Nc6 3. d4 cxd4 4. Nxd4 Nf6 5. Nc3 e6 6. Ndb5 Bb4 7. a3 Bxc3+ 8. Nxc3 d5 9. exd5 exd5 10. Be2 d4 11. Nb1 0-0 12. 0-0 Bf5 13. Bf4 Qb6 14. b3 Nd5 15. Bd2 Rac8 16. Bg4 Bxg4 17. Qxg4 Nf6 18. Qf4 Ne7 19. Rc1 Ned5 20. Qf5 Rc5 21. Qd3 Re8 22. b4 Rc6 23. c4 Ng4 24. c5 Qc7 25. Qg3 Qxg3 26. hxg3 Re2 27. b5 Rc8 28. a4 Nxf2 29. Ra3 Ne4 30. Rd3 Nxd2 31. Rxd2 Rxd2 32. Nxd2 Nc3 33. Re1 Kf8 34. Nc4 Rxc5 0-1

[Event "Rewal op-A 14th"]
[Site "Rewal"]
[Date "2009.08.25"]
[Round "5"]
[White "Aliavdin, Nikolai"]
[Black "Krajewicz, Pawel"]
[Result "1-0"]
[WhiteElo "2372"]
[BlackElo "1980"]
[PlyCount "111"]
[EventDate "2009.08.19"]
[EventType "swiss"]
[EventRounds "9"]
[EventCountry "POL"]
[SourceTitle "CBM 131 Extra"]
[Source "ChessBase"]
[SourceDate "2009.09.03"]
[SourceVersion "2"]
[SourceVersionDate "2009.09.16"]
[SourceQuality "1"]

1. e4 e6 2. d4 d5 3. e5 c5 4. c3 Nc6 5. Nf3 Bd7 6. a3 Nge7 7. Bd3 cxd4 8. cxd4 Qb6 9. Bc2 Na5 10. 0-0 Ng6 11. Nc3 Rc8 12. g3 Nc4 13. Na4 Qc7 14. Bd3 b5 15. Nc3 a6 16. Ne2 Be7 17. b3 Nb6 18. h4 f6 19. exf6 gxf6 20. h5 Nf8 21. Bf4 Bd6 22. Re1 Rg8 23. Bxd6 Qxd6 24. Qd2 Kf7 25. Nf4 Re8 26. Qe3 Nc8 27. Bf1 Ne7 28. Bh3 Nc6 29. Nd3 Re7 30. Kh2 Kg7 31. Rac1 Kh8 32. Qh6 Rf7 33. Nc5 Bc8 34. b4 Rgg7 35. Qe3 Re7 36. Nd3 Bd7 37. Qf4 Qxf4 38. Nxf4 Kg8 39. Nxe6 Nxe6 40. Bxe6+ Bxe6 41. Rxc6 Bg4 42. Rxe7 Rxe7 43. Rxf6 Bxh5 44. Ne5 Rc7 45. Rc6 Ra7 46. g4 Bf7 47. Kg3 Kg7 48. Kf4 Be8 49. Rc8 Bg6 50. Ke3 a5 51. Nc6 Rf7 52. bxa5 Be4 53. f4 Rf6 54. a6 Rh6 55. a7 Rh3+ 56. Kd2 1-0

[Event "Rewal op-A 14th"]
[Site "Rewal"]
[Date "2009.08.22"]
[Round "3"]
[White "Pietocha, Pawel"]
[Black "Krajewicz, Pawel"]
[Result "1/2-1/2"]
[WhiteElo "2133"]
[BlackElo "1980"]
[PlyCount "106"]
[EventDate "2009.08.19"]
[EventType "swiss"]
[EventRounds "9"]
[EventCountry "POL"]
[SourceTitle "CBM 131 Extra"]
[Source "ChessBase"]
[SourceDate "2009.09.03"]
[SourceVersion "2"]
[SourceVersionDate "2009.09.16"]
[SourceQuality "1"]

1. b3 d5 2. e3 e5 3. Bb2 Bd6 4. Nf3 Qe7 5. d4 e4 6. Nfd2 Nf6 7. c4 c6 8. Nc3 Nbd7 9. cxd5 cxd5 10. Nb5 0-0 11. Nxd6 Qxd6 12. a4 Re8 13. Ba3 Qe6 14. b4 Nf8 15. Nb3 Ng4 16. h3 Qh6 17. Bb5 Rd8 18. Rc1 Nxe3 19. fxe3 Qxe3+ 20. Be2 Ng6 21. Bb2 Nf4 22. Rc3 Nxg2+ 23. Kf1 Qg5 24. Bc1 e3 25. Bf3 Qg3 26. Bxe3 Nh4 27. Nd2 Bxh3+ 28. Ke2 Nxf3 29. Nxf3 Bg2 30. Nd2 Bxh1 31. Qxh1 f5 32. Qf3 Qxf3+ 33. Nxf3 Rac8 34. Bd2 Rxc3 35. Bxc3 Kf7 36. Bd2 h6 37. Ne5+ Kf6 38. b5 g5 39. a5 h5 40. Bxg5+ Kxg5 41. Nf7+ Kg4 42. Nxd8 f4 43. Nxb7 f3+ 44. Kf2 h4 45. Nc5 h3 46. Kg1 Kf4 47. b6 axb6 48. axb6 Ke3 49. Nd3 Kxd3 50. b7 Ke2 51. b8Q f2+ 52. Kh2 f1Q 53. Qe5+ Kd3 1/2-1/2

[Event "Rewal op-A 14th"]
[Site "Rewal"]
[Date "2009.08.21"]
[Round "2"]
[White "Krajewicz, Pawel"]
[Black "Janaszak, Dawid"]
[Result "0-1"]
[WhiteElo "1980"]
[BlackElo "2312"]
[PlyCount "48"]
[EventDate "2009.08.19"]
[EventType "swiss"]
[EventRounds "9"]
[EventCountry "POL"]
[SourceTitle "CBM 131 Extra"]
[Source "ChessBase"]
[SourceDate "2009.09.03"]
[SourceVersion "2"]
[SourceVersionDate "2009.09.16"]
[SourceQuality "1"]

1. d4 Nf6 2. Nf3 g6 3. g3 Bg7 4. Bg2 0-0 5. 0-0 d5 6. c4 dxc4 7. Qc2 a6 8. a4 Nc6 9. Qxc4 Be6 10. Qc2 Nxd4 11. Nxd4 Qxd4 12. Bxb7 Rab8 13. Bxa6 Nd5 14. e3 Nb4 15. Qe2 Qc5 16. Nc3 Nxa6 17. Qxa6 Bc4 18. Nb5 Bxf1 19. Kxf1 Qc4+ 20. Kg2 c6 21. Nc7 Qe4+ 22. f3 Qc2+ 23. Kh3 Qf5+ 24. Kg2 Bxb2 0-1

[Event "Kochan Memorial op-A 20th"]
[Site "Koszalin"]
[Date "2009.08.14"]
[Round "9"]
[White "Jacek, Krystian"]
[Black "Krajewicz, Pawel"]
[Result "0-1"]
[WhiteElo "2047"]
[BlackElo "1980"]
[PlyCount "40"]
[EventDate "2009.08.06"]
[EventType "swiss"]
[EventRounds "9"]
[EventCountry "POL"]
[SourceTitle "CBM 131 Extra"]
[Source "ChessBase"]
[SourceDate "2009.09.03"]
[SourceVersion "2"]
[SourceVersionDate "2009.09.16"]
[SourceQuality "1"]

1. e4 c5 2. Nf3 Nc6 3. d4 cxd4 4. Nxd4 Nf6 5. Nc3 e6 6. Be2 Bb4 7. 0-0 0-0 8. Bg5 h6 9. Bh4 g5 10. Bg3 Bxc3 11. bxc3 Nxe4 12. Qd3 d5 13. f4 Qa5 14. Be1 gxf4 15. Qh3 e5 16. Bg4 Qb6 17. Bxc8 Nxd4 18. cxd4 Qxd4+ 19. Kh1 Qxa1 20. g3 Qxe1 0-1

[Event "Kochan Memorial op-A 20th"]
[Site "Koszalin"]
[Date "2009.08.12"]
[Round "7"]
[White "Malaczek, Mateusz"]
[Black "Krajewicz, Pawel"]
[Result "0-1"]
[WhiteElo "1815"]
[BlackElo "1980"]
[PlyCount "50"]
[EventDate "2009.08.06"]
[EventType "swiss"]
[EventRounds "9"]
[EventCountry "POL"]
[SourceTitle "CBM 131 Extra"]
[Source "ChessBase"]
[SourceDate "2009.09.03"]
[SourceVersion "2"]
[SourceVersionDate "2009.09.16"]
[SourceQuality "1"]

1. e4 c5 2. b4 d6 3. bxc5 dxc5 4. f4 e5 5. Nf3 Bg4 6. Bb5+ Nc6 7. Bb2 Qb6 8. Bxc6+ Qxc6 9. d3 exf4 10. 0-0 f6 11. Nc3 0-0-0 12. a4 Ne7 13. Nb5 Kb8 14. Qd2 Ng6 15. Nxa7 Kxa7 16. Qa5+ Qa6 17. Qxd8 Bd6 18. Bxf6 Rxd8 19. Bxd8 Bxf3 20. Rxf3 Ne5 21. Rff1 Nc6 22. Bg5 Nd4 23. Ra2 c4 24. Rd1 Qa5 25. Bh4 Qh5 0-1

[Event "Kochan Memorial op-A 20th"]
[Site "Koszalin"]
[Date "2009.08.07"]
[Round "2"]
[White "Weichhold, Pawel"]
[Black "Krajewicz, Pawel"]
[Result "1-0"]
[WhiteElo "2082"]
[BlackElo "1980"]
[PlyCount "41"]
[EventDate "2009.08.06"]
[EventType "swiss"]
[EventRounds "9"]
[EventCountry "POL"]
[SourceTitle "CBM 131 Extra"]
[Source "ChessBase"]
[SourceDate "2009.09.03"]
[SourceVersion "2"]
[SourceVersionDate "2009.09.16"]
[SourceQuality "1"]

1. e4 e6 2. d4 d5 3. Nc3 Nf6 4. Bg5 dxe4 5. Nxe4 Be7 6. Bxf6 gxf6 7. Nf3 b6 8. Bb5+ c6 9. Bd3 Bb7 10. Qe2 Qc7 11. 0-0-0 Nd7 12. Kb1 0-0-0 13. Rhe1 Rhg8 14. g3 Kb8 15. h4 h6 16. Qe3 f5 17. Nc3 Bb4 18. Qxh6 c5 19. Nb5 Bxf3 20. Nxc7 Bxd1 21. Na6+ 1-0

[Event "Rewal op-A 13th"]
[Site "Rewal"]
[Date "2008.08.27"]
[Round "7"]
[White "Krajewicz, Pawel"]
[Black "Czachor, Grzegorz"]
[Result "1-0"]
[WhiteElo "1993"]
[BlackElo "2020"]
[PlyCount "107"]
[EventDate "2008.08.20"]
[EventType "swiss"]
[EventRounds "9"]
[EventCountry "POL"]
[SourceTitle "CBM 126 Extra"]
[Source "ChessBase"]
[SourceDate "2008.11.05"]
[SourceVersion "1"]
[SourceVersionDate "2008.11.05"]
[SourceQuality "1"]

1. d4 Nf6 2. Nf3 e6 3. c4 Bb4+ 4. Bd2 a5 5. g3 d5 6. Bg2 Nc6 7. 0-0 dxc4 8. Bg5 Be7 9. Ne5 Nxe5 10. dxe5 Qxd1 11. Rxd1 Nd7 12. Bxe7 Kxe7 13. f4 Rb8 14. a4 Nb6 15. Nc3 Bd7 16. Rd2 Rhd8 17. Rad1 c6 18. Kf2 Be8 19. Rd6 Rd7 20. Be4 f5 21. exf6+ gxf6 22. Rxd7+ Bxd7 23. h4 f5 24. Bc2 Nd5 25. e4 Nxc3 26. bxc3 b5 27. exf5 exf5 28. Re1+ Kd6 29. Rd1+ Kc7 30. Re1 b4 31. Re7 Kd6 32. Rxh7 Rf8 33. Ke3 c5 34. Rh6+ Kc7 35. h5 Re8+ 36. Kd2 bxc3+ 37. Kxc3 Re3+ 38. Kxc4 Rxg3 39. Rf6 Rf3 40. h6 Rxf4+ 41. Kxc5 Rh4 42. Bb3 f4 43. Bc2 Kd8 44. h7 Ke7 45. Rxf4 Rh5+ 46. Kb6 Be8 47. Rc4 Kd6 48. Rc8 Kd7 49. Kb7 Rh4 50. Be4 Ke7 51. Bg6 Bxg6 52. h8Q Rxh8 53. Rxh8 Kd7 54. Kb6 1-0

[Event "Rewal op-A 13th"]
[Site "Rewal"]
[Date "2008.08.22"]
[Round "3"]
[White "Krajewicz, Pawel"]
[Black "Klim, Kamil"]
[Result "1-0"]
[WhiteElo "1993"]
[BlackElo "2181"]
[PlyCount "117"]
[EventDate "2008.08.20"]
[EventType "swiss"]
[EventRounds "9"]
[EventCountry "POL"]
[SourceTitle "CBM 126 Extra"]
[Source "ChessBase"]
[SourceDate "2008.11.05"]
[SourceVersion "1"]
[SourceVersionDate "2008.11.05"]
[SourceQuality "1"]

1. d4 Nf6 2. c4 g6 3. Nf3 Bg7 4. Nc3 0-0 5. e4 d6 6. Be2 e5 7. 0-0 Nc6 8. d5 Ne7 9. Ne1 Ne8 10. Be3 f5 11. f3 f4 12. Bf2 h5 13. c5 g5 14. cxd6 cxd6 15. Rc1 Rf6 16. Qc2 Bd7 17. Qb3 Ng6 18. Qxb7 Rf7 19. Qa6 g4 20. Kh1 g3 21. Bg1 gxh2 22. Bf2 Bf6 23. Nb5 Bxb5 24. Bxb5 Nc7 25. Qa5 Nxb5 26. Qxb5 Rb8 27. Qa6 Rd7 28. Nd3 Bh4 29. a3 Kh7 30. Nb4 Qg5 31. Rc8 Rg7 32. Rxb8 Ne7 33. Bg3 fxg3 34. Rb7 Qd2 35. Qxa7 Bf6 36. Qa6 Ng6 37. Rxg7+ Bxg7 38. Qd3 Qxb2 39. Rb1 Qf2 40. Qc2 Qxc2 41. Nxc2 Nf4 42. Ne1 Bf6 43. Rb6 Bd8 44. Rb5 h4 45. a4 h3 46. gxh3 Ba5 47. Rb1 Nxh3 48. Nd3 Bc3 49. Kg2 Ng1 50. Rxg1 hxg1Q+ 51. Kxg1 Kg6 52. Kg2 Kg5 53. Kxg3 Kh5 54. f4 exf4+ 55. Kxf4 Kg6 56. e5 Bd2+ 57. Ke4 dxe5 58. Nxe5+ Kf6 59. Nc6 1-0

[Event "Rewal op-A 13th"]
[Site "Rewal"]
[Date "2008.08.20"]
[Round "1"]
[White "Dragun, Kamil"]
[Black "Krajewicz, Pawel"]
[Result "1-0"]
[WhiteElo "2240"]
[BlackElo "1993"]
[PlyCount "53"]
[EventDate "2008.08.20"]
[EventType "swiss"]
[EventRounds "9"]
[EventCountry "POL"]
[SourceTitle "CBM 126 Extra"]
[Source "ChessBase"]
[SourceDate "2008.11.05"]
[SourceVersion "1"]
[SourceVersionDate "2008.11.05"]
[SourceQuality "1"]

1. e4 c5 2. Nf3 Nc6 3. d4 cxd4 4. Nxd4 Nf6 5. Nc3 e6 6. Be2 Bb4 7. 0-0 Bxc3 8. bxc3 Nxe4 9. Bf3 Ng5 10. Bxc6 bxc6 11. Qg4 f6 12. h4 Nf7 13. Qxg7 Qe7 14. Re1 Rf8 15. Nf5 Qc5 16. Qxf6 Rg8 17. Ng7+ Rxg7 18. Qxg7 Ba6 19. Bg5 Nxg5 20. Qg8+ Ke7 21. Qxg5+ Qxg5 22. hxg5 Rf8 23. Re5 Bc4 24. a4 d6 25. Re4 Bd5 26. Rh4 Rf7 27. c4 1-0

[Event "POL-ch Army"]
[Site "Kolobrzeg"]
[Date "2008.03.12"]
[Round "5"]
[White "Kedzierski, Slawomir"]
[Black "Krajewicz, Pawel"]
[Result "1-0"]
[WhiteElo "2067"]
[BlackElo "1979"]
[PlyCount "74"]
[EventDate "2008.03.11"]
[EventType "swiss"]
[EventRounds "9"]
[EventCountry "POL"]
[SourceTitle "EXT 2010"]
[Source "ChessBase"]
[SourceDate "2010.11.25"]
[SourceVersion "1"]
[SourceVersionDate "2010.11.25"]
[SourceQuality "1"]

1. Nf3 d5 2. d4 Nf6 3. g3 c5 4. Bg2 Nc6 5. 0-0 e6 6. b3 Be7 7. Bb2 0-0 8. Nbd2 Qc7 9. dxc5 Bxc5 10. Bxf6 gxf6 11. e4 d4 12. Ne1 e5 13. Nd3 Be7 14. Qh5 Nb4 15. Rfc1 Qc3 16. Qe2 a5 17. a3 Na6 18. Nc4 Be6 19. Nb6 Rad8 20. Nd5 Bxd5 21. exd5 Nc5 22. Nxc5 Bxc5 23. Be4 Rfe8 24. Qh5 Qd2 25. Qxh7+ Kf8 26. Qf5 Ke7 27. Rd1 Qh6 28. b4 axb4 29. axb4 Bb6 30. d6+ Rxd6 31. Bxb7 Rh8 32. h4 Rg8 33. Kf1 Qg6 34. Be4 Qxf5 35. Bxf5 Rc6 36. Ra6 Rb8 37. Rda1 Bd8 1-0

[Event "POL-ch Army"]
[Site "Kolobrzeg"]
[Date "2008.03.11"]
[Round "2"]
[White "Krajewicz, Pawel"]
[Black "Bielawski, Michal"]
[Result "1/2-1/2"]
[WhiteElo "1979"]
[BlackElo "1858"]
[PlyCount "119"]
[EventDate "2008.03.11"]
[EventType "swiss"]
[EventRounds "9"]
[EventCountry "POL"]
[SourceTitle "EXT 2010"]
[Source "ChessBase"]
[SourceDate "2010.11.25"]
[SourceVersion "1"]
[SourceVersionDate "2010.11.25"]
[SourceQuality "1"]

1. d4 Nf6 2. Nf3 g6 3. g3 Bg7 4. Bg2 0-0 5. c4 d6 6. 0-0 c5 7. Nc3 Nc6 8. dxc5 dxc5 9. Be3 Qa5 10. Qa4 Ng4 11. Qxa5 Nxa5 12. Bxc5 Nxc4 13. Nd5 Bxb2 14. Nxe7+ Kg7 15. Bd4+ Bxd4 16. Nxd4 Rb8 17. Rac1 Re8 18. Nd5 Nd6 19. Rfd1 Nf5 20. Nxf5+ Bxf5 21. e4 Be6 22. Nc7 Re7 23. Nxe6+ fxe6 24. h3 Ne5 25. f4 Nf7 26. e5 g5 27. Kf2 b5 28. Rc6 b4 29. Rb1 a5 30. Ra6 Rb5 31. Bc6 Rc5 32. Ba4 Nd8 33. Rd1 Nb7 34. Bb3 Kf7 35. Kf3 Rc3+ 36. Kg4 Nc5 37. Rxa5 Nxb3 38. axb3 gxf4 39. Rf1 Rxg3+ 40. Kh4 Rxb3 41. Rxf4+ Kg7 42. Ra2 Rf7 43. Rg4+ Kf8 44. Ra8+ Ke7 45. Rgg8 Rf4+ 46. Kg5 Rf5+ 47. Kg4 Rxe5 48. Ra7+ Kd6 49. Ra6+ Kd5 50. Rd8+ Ke4 51. Rf8 h5+ 52. Kh4 Rd3 53. Rf6 Rd4 54. Rb6 Kd3+ 55. Kg3 Re3+ 56. Kf2 Rxh3 57. Rbxe6 b3 58. Kg2 Re3 59. Rxe3+ Kxe3 60. Rf3+ 1/2-1/2

[Event "Kowalewo Pomorskie op-A"]
[Site "Kowalewo Pomorskie"]
[Date "2007.07.08"]
[Round "6"]
[White "Zielinski, Olgierd"]
[Black "Krajewicz, Pawel"]
[Result "0-1"]
[WhiteElo "2044"]
[BlackElo "1989"]
[PlyCount "102"]
[EventDate "2007.07.04"]
[EventType "swiss"]
[EventRounds "9"]
[EventCountry "POL"]
[SourceTitle "CBM 119 Extra"]
[Source "ChessBase"]
[SourceDate "2007.09.04"]
[SourceVersion "1"]
[SourceVersionDate "2007.09.04"]
[SourceQuality "1"]

1. e4 c5 2. Nf3 Nc6 3. d4 cxd4 4. Nxd4 Nf6 5. Nc3 e6 6. Ndb5 Bb4 7. a3 Bxc3+ 8. Nxc3 d5 9. Bd3 d4 10. Ne2 0-0 11. 0-0 e5 12. h3 Qb6 13. Ng3 Be6 14. f4 Rac8 15. f5 Bd7 16. Nh5 Nxh5 17. Qxh5 f6 18. Qg4 Nd8 19. a4 Kh8 20. Rf3 Nf7 21. Rg3 Rg8 22. Qh5 Be8 23. Qg4 Bd7 24. b3 g6 25. Qh4 gxf5 26. a5 Qd8 27. Rxg8+ Qxg8 28. Qxf6+ Qg7 29. Qxg7+ Kxg7 30. exf5 Nd6 31. Ba3 Nxf5 32. Be4 Ne3 33. Bd6 Kf6 34. c4 Bc6 35. Bxc6 bxc6 36. Bc5 a6 37. g4 Kg5 38. Kf2 Kf4 39. Rc1 h5 40. gxh5 Rh8 41. Rg1 Rxh5 42. Rg6 Rxh3 43. Rf6+ Nf5 44. Rxc6 Rxb3 45. Rxa6 Rb2+ 46. Ke1 d3 47. Rb6 Re2+ 48. Kd1 Ne3+ 49. Bxe3+ Kxe3 50. Rh6 Ra2 51. Rh3+ Kd4 0-1

[Event "Lubuska Wiosna op 3rd"]
[Site "Gorzow Wielkopolski"]
[Date "2007.04.07"]
[Round "4"]
[White "Hagesaether, Ellen"]
[Black "Krajewicz, Pawel"]
[Result "1-0"]
[WhiteElo "2207"]
[BlackElo "2004"]
[PlyCount "93"]
[EventDate "2007.04.06"]
[EventType "swiss"]
[EventRounds "9"]
[EventCountry "POL"]
[SourceTitle "EXT 2011"]
[Source "ChessBase"]
[SourceDate "2010.11.26"]
[SourceVersion "1"]
[SourceVersionDate "2010.11.26"]
[SourceQuality "1"]

1. Nf3 d5 2. g3 c6 3. Bg2 Bf5 4. 0-0 Nf6 5. d3 Nbd7 6. Nbd2 e6 7. b3 Be7 8. Bb2 0-0 9. Qe1 c5 10. e4 Bg6 11. Nh4 Nb8 12. Nxg6 hxg6 13. Qe2 Nc6 14. e5 Nd7 15. Nf3 Qc7 16. Rfe1 Rab8 17. c4 d4 18. Bc1 b5 19. Bf4 bxc4 20. dxc4 Nb4 21. Red1 a5 22. h4 a4 23. bxa4 Nb6 24. a3 Nc6 25. Qc2 Na5 26. Bf1 Bd8 27. Bd2 Qa7 28. Rab1 Bc7 29. Rb5 Nd7 30. Qe4 Nb3 31. h5 Nxd2 32. Rxd2 Rxb5 33. axb5 Qxa3 34. hxg6 fxg6 35. Rd3 Qa8 36. Qg4 Qe8 37. Bh3 Nxe5 38. Nxe5 Bxe5 39. Qe4 Bf6 40. Bxe6+ Rf7 41. Qd5 Kf8 42. Bxf7 Qxf7 43. Qxf7+ Kxf7 44. b6 Be5 45. Ra3 Ke6 46. b7 Bb8 47. Ra8 1-0

[Event "Rewal op 11th"]
[Site "Rewal"]
[Date "2006.08.29"]
[Round "11"]
[White "Tobolski, Jakub"]
[Black "Krajewicz, Pawel"]
[Result "1-0"]
[WhiteElo "1954"]
[BlackElo "2004"]
[PlyCount "87"]
[EventDate "2006.08.21"]
[EventType "swiss"]
[EventRounds "11"]
[EventCountry "POL"]
[SourceTitle "EXT 2010"]
[Source "ChessBase"]
[SourceDate "2010.11.25"]
[SourceVersion "1"]
[SourceVersionDate "2010.11.25"]
[SourceQuality "1"]

1. e4 c5 2. Nf3 Nc6 3. d4 cxd4 4. Nxd4 Nf6 5. Nc3 e6 6. a3 d5 7. Bb5 Bd7 8. Bxc6 bxc6 9. e5 Ng8 10. 0-0 Ne7 11. Bg5 Qc7 12. Re1 Ng6 13. Qe2 h6 14. Bd2 Be7 15. Kh1 c5 16. Nb3 0-0 17. f4 Nh4 18. Qf2 Nf5 19. Rad1 c4 20. Nd4 Bc5 21. Nce2 Ba4 22. Rc1 Qb6 23. Bc3 f6 24. Qg1 fxe5 25. fxe5 Rf7 26. g4 Nh4 27. Qg3 g5 28. Rf1 Raf8 29. Qh3 Qb7 30. Rce1 Bxc2 31. Ng3 Bd3 32. Rxf7 Qxf7 33. Nh5 Qg6 34. Nf6+ Kh8 35. Re3 Rxf6 36. exf6 Be4+ 37. Kg1 e5 38. Nc6 Bg2 39. Qg3 Qb1+ 40. Be1 Bxe3+ 41. Qxe3 d4 42. f7 Nf3+ 43. Qxf3 Qxe1+ 44. Kxg2 1-0

[Event "Rewal op 11th"]
[Site "Rewal"]
[Date "2006.08.28"]
[Round "10"]
[White "Krajewicz, Pawel"]
[Black "Polok, Kacper"]
[Result "1/2-1/2"]
[WhiteElo "2004"]
[BlackElo "1836"]
[PlyCount "88"]
[EventDate "2006.08.21"]
[EventType "swiss"]
[EventRounds "11"]
[EventCountry "POL"]
[SourceTitle "EXT 2010"]
[Source "ChessBase"]
[SourceDate "2010.11.25"]
[SourceVersion "1"]
[SourceVersionDate "2010.11.25"]
[SourceQuality "1"]

1. d4 Nf6 2. c4 e6 3. Nf3 Bb4+ 4. Bd2 Qe7 5. g3 b6 6. Bg2 Bb7 7. 0-0 Bxd2 8. Nbxd2 d6 9. Qc2 Nbd7 10. b4 c5 11. bxc5 dxc5 12. Rfd1 cxd4 13. Nxd4 Bxg2 14. Kxg2 Nc5 15. N2f3 0-0 16. a4 Rac8 17. a5 Nce4 18. axb6 axb6 19. Qb3 Qc5 20. Qb5 Nc3 21. Qxc5 bxc5 22. Nb3 Nxd1 23. Rxd1 Rfd8 24. Rc1 Ne4 25. Ne5 f6 26. Nd3 Kf7 27. f3 Nd6 28. Nbxc5 Rc7 29. Ne4 Nxe4 30. fxe4 Rd4 31. c5 Rxe4 32. Kf3 Ra4 33. Rc3 e5 34. e4 f5 35. Nf2 g6 36. g4 f4 37. Nd3 Ke6 38. Rb3 Rc6 39. g5 Rd4 40. h4 Rxd3+ 41. Rxd3 Rxc5 42. Ra3 Rc6 43. Kg4 Rc1 44. Ra6+ Ke7 1/2-1/2